Κατάλογος Βιβλιοθηκών Mediterranean College

Είμαστε Εδώ και Κυνηγάμε το Όνειρο μας / Telco: Το AI αλλάζει τις Τηλεπικοινωνίες και τα Δίκτυα τους (Record no. 9245)

MARC details
000 -LEADER
fixed length control field 01688cam a22001934a 4500
005 - ΗΜΕΡΟΜΗΝΙΑ ΚΑΙ ΩΡΑ ΤΕΛΕΥΤΑΙΑΣ ΕΝΗΜΕΡΩΣΗΣ
Πεδίο ελέγχου 20250605164356.0
008 - FIXED-LENGTH DATA ELEMENTS--GENERAL INFORMATION
Πεδίο ελέγχου σταθερού μήκους 250528s ||||||||||||||||||||||||d
035 ## - SYSTEM CONTROL NUMBER
System control number 24357
040 ## - ΠΗΓΗ ΚΑΤΑΛΟΓΟΓΡΑΦΗΣΗΣ
Φορέας πρωτότυπης καταλογογράφησης MC Athens Campus Library
Γλώσσα καταλογογράφησης Ελληνικά, Μοντέρνα (1453-)
Modifying agency MC Athens Campus Library
Κανόνες περιγραφικής καταλογογράφησης AACR2
245 1# - ΤΙΤΛΟΣ ΚΑΙ ΔΗΛΩΣΗ ΥΠΕΥΘΥΝΟΤΗΤΑΣ
Τίτλος Είμαστε Εδώ και Κυνηγάμε το Όνειρο μας / Telco: Το AI αλλάζει τις Τηλεπικοινωνίες και τα Δίκτυα τους
260 ## - PUBLICATION, DISTRIBUTION, ETC.
Date of publication, distribution, etc. 2017
300 ## - PHYSICAL DESCRIPTION
Extent 42
520 ## - SUMMARY, ETC.
Summary, etc. Oracle Modern Business Insurance: Επιτάχυνση του Ψηφιακού Μετασχηματισμού μέσω Cloud, To ΑΙ Μπορεί να Εκτινάξει την Παραγωγικότητα, Είμαστε Εδώ και Κυνηγάμε το Όνειρο μας, Προγραμματιστής: Επιστήμονας και Επιχειρηματίας ή Εργάτης, Η Πληγή του Cyberslacking, Citizen Data Scientist: Ο Ρόλος και η Ιδέα και οι Διαδικασίες, Το AI αλλάζει τις Τηλεπικοινωνίες και τα Δίκτυα τους, Η Πολύπλευρη Συμβολή του CFO στην Καινοτομία, Λύσεις και Εργαλεία για τη Δημιουργία μιας Νέας Επιχειρηματικότητας, Ανατέλλει μια Νέα Γενιά Άσκοπα Εργαζομένων, Αρχιτεκτονική Blockchain: Ένας για Όλους και Όλοι για Έναν, Σκληρές Κόντρες στο IoT Networking.
700 1# - ΠΡΟΣΘΕΤΗ ΑΝΑΓΡΑΦΗ--ΦΥΣΙΚΟ ΠΡΟΣΩΠΟ
Personal name Μαρκέτος Παναγιώτης
9 (RLIN) 9453
700 1# - ΠΡΟΣΘΕΤΗ ΑΝΑΓΡΑΦΗ--ΦΥΣΙΚΟ ΠΡΟΣΩΠΟ
Personal name Μπούσιας Μιχάλης Κ
9 (RLIN) 9357
942 ## - ADDED ENTRY ELEMENTS (KOHA)
Koha item type Περιοδικά Δημοσιεύματα
Holdings
Τύπος τεκμηρίου Βιβλιοθήκη Τρέχουσα τοποθεσία Barcode Ημερομηνία απόκτησης Ταξιθετικό σύμβολο Αριθμός αντιτύπου Αρίθμηση σειρών / χρονολογία Κατάσταση απόσυρσης Κατάσταση χαμένου Κατάσταση κατεστραμμένου Μη δανεισμός Σύνολο δανεισμών Ημερομηνία τελευταίας εμφάνισης Η τιμή ισχύει από
Περιοδικά Δημοσιεύματα MC Athens Campus Library MC Athens Campus Library 9780000092441 05/06/2025 NETWEEK 1 403           05/06/2025 05/06/2025

MC Athens Campus Library
Πατησίων 94 & Κοδριγκτώνος 13, 104 34
Πελλήνης 8 & Πατησίων 107, 112 51
Τ: +30 210 8899600

MC Thessaloniki Campus Library
Ίωνος Δραγούμη 21, 54625 | Ίωνος Δραγούμη 15, 54625
Τ: +30 2310 287779 – Τ: +30 2314 440300